Statistics for UEFA Euro - Top 4 Positions

Click here to take the quiz!

General Stats

  • This quiz has been taken 75 times
  • The average score is 19 of 20

Answer Stats

Answer % Correct
Portugal
100%
West Germany
100%
Germany
100%
Spain
100%
Italy
100%
France
100%
Denmark
99%
Turkey
97%
Greece
97%
Netherlands
97%
Sweden
97%
Russia
94%
England
94%
Belgium
94%
Hungary
91%
Yugoslavia
91%
Soviet Union
91%
Czechoslovakia
87%
Czech Republic
82%
Wales
79%

Score Distribution

Percentile by Number Answered

Percent of People with Each Score

Your Score History

You have not taken this quiz